书目信息 |
| 题名: |
园林工程清单算量典型实例图解
|
|
| 作者: | 张国栋 主编 | |
| 分册: | ||
| 出版信息: | 北京 中国建筑工业出版社 2014 |
|
| 页数: | 177页 | |
| 开本: | 25cm | |
| 丛书名: | 看图算量系列丛书 | |
| 单 册: | ||
| 中图分类: | TU986.3-64 | |
| 科图分类: | ||
| 主题词: | 园林--工程造价--图解 , 工程造价 , 园林 | |
| 电子资源: | ||
| ISBN: | 978-7-112-16474-5 | |
| 000 | 00976nam0 2200253 450 | |
| 001 | 141513 | |
| 005 | 20191106081750.55 | |
| 010 | @a978-7-112-16474-5@dCNY 28.00 | |
| 100 | @a20140911d2014 em y0chiy50 ea | |
| 101 | 0 | @achi |
| 102 | @aCN@b110000 | |
| 105 | @aa z 000yy | |
| 200 | 1 | @a园林工程清单算量典型实例图解@9yuan lin gong cheng qing dan suan liang dian xing shi li tu jie@b专著@f张国栋主编 |
| 210 | @a北京@c中国建筑工业出版社@d2014 | |
| 215 | @a177页@c图@d25cm | |
| 225 | 1 | @a看图算量系列丛书 |
| 330 | @a本书详细地介绍了园林绿化工程的工程量清单项目、计算规划、计算方法及实例。全书以清单划分基准为原则精选实例,设置实例均是以“题干、图示-2013清单和2008清单对照-解题思路及技巧-清单工程量计算-贴心助手-清单工程量计算表的填写”六个步骤进行。 | |
| 606 | 0 | @a园林@x工程造价@j图解 |
| 606 | 0 | @a工程造价 |
| 606 | 0 | @a园林 |
| 690 | @aTU986.3-64@v5 | |
| 701 | 0 | @a张国栋@9zhang guo dong@c(建筑工程)@4主编 |
| 801 | 0 | @c20141106 |
| 905 | @a241430@dTU986.3-64@eZ100 | |
| 园林工程清单算量典型实例图解/张国栋主编.-北京:中国建筑工业出版社,2014 |
| 177页:图;25cm.-(看图算量系列丛书) |
| ISBN 978-7-112-16474-5:CNY 28.00 |
| 本书详细地介绍了园林绿化工程的工程量清单项目、计算规划、计算方法及实例。全书以清单划分基准为原则精选实例,设置实例均是以“题干、图示-2013清单和2008清单对照-解题思路及技巧-清单工程量计算-贴心助手-清单工程量计算表的填写”六个步骤进行。 |
| ● |
| 相关链接 |
|
|
|
正题名:园林工程清单算量典型实例图解
索取号:TU986.3-64/Z100
 
预约/预借
| 序号 | 登录号 | 条形码 | 馆藏地/架位号 | 状态 | 备注 |
| 1 | 0838155 | 208381552 | 建筑库201/201建筑库 116排2列1层/ [索取号:TU986.3-64/Z100] | 在馆 | |
| 2 | 0838156 | 208381561 | 建筑库201/201建筑库 116排2列1层/ [索取号:TU986.3-64/Z100] | 在馆 | |
| 3 | 0838157 | 208381570 | 建筑与城市规划学院资料室/101建筑库 92排1列5层/ [索取号:TU986.3-64/Z100] | 在馆 | |
| 4 | 1306377 | 213063771 | 建筑库201/201建筑库 116排2列1层/ [索取号:TU986.3-64/Z100] | 在馆 | |
| 5 | 1306378 | 213063780 | 建筑库201/201建筑库 116排2列1层/ [索取号:TU986.3-64/Z100] | 在馆 | |
| 6 | 1306379 | 213063799 | 建筑库201/201建筑库 116排2列1层/ [索取号:TU986.3-64/Z100] | 在馆 | |
| 7 | 1306380 | 213063806 | 建筑库201/201建筑库 116排2列1层/ [索取号:TU986.3-64/Z100] | 在馆 | |
| 8 | 1306381 | 213063815 | 建筑库201/201建筑库 116排2列1层/ [索取号:TU986.3-64/Z100] | 在馆 |